Normal view MARC view

Entry Personal Name

Number of records used in: 1

001 - CONTROL NUMBER

  • control field: 40627

003 - CONTROL NUMBER IDENTIFIER

  • control field: dpl

005 - DATE AND TIME OF LATEST TRANSACTION

  • control field: 20120202173701.0

008 - FIXED-LENGTH DATA ELEMENTS

  • fixed length control field: 120202|||a|||||| | ||| d

040 ## - CATALOGING SOURCE

  • Original cataloging agency: dpl
  • Transcribing agency: dpl

100 ## - HEADING--PERSONAL NAME

  • Personal name: Novetzke, Christian Lee

670 ## - SOURCE DATA FOUND

  • Source citation: Work cat.: (dpl)40462: Novetzke, Christian Lee, history, Bhakti, and public memory:, 2008

670 ## - SOURCE DATA FOUND

  • Source citation: Work cat.: (dpl)40462: Novetzke, Christian Lee, history, Bhakti, and public memory:, 2008

© Delhi Public Library
Hit Counter
free hit counter